Euro 2024: Liste de l'Équipe de France - Statistiques

Statistiques générales
  • Ce quiz a été pris 471 fois
  • Le résultat moyen est 20 sur 25
Statistiques - réponses
Poste Joueur % Correct
Gardien Mike Maignan
98%
Attaquant Kylian Mbappé
96%
Gardien Alphonse Aréola
92%
Milieu Antoine Griezmann
91%
Milieu N'golo Kanté
90%
Attaquant Olivier Giroud
90%
Attaquant Ousmane Dembélé
90%
Défenseur Theo Hernandez
90%
Gardien Brice Samba
87%
Défenseur Dayot Upamecano
86%
Défenseur Jules Koundé
85%
Défenseur William Saliba
85%
Milieu Aurélien Tchouaméni
82%
Défenseur Benjamin Pavard
82%
Défenseur Ibrahima Konaté
82%
Attaquant Randal Kolo Muani
82%
Milieu Adrien Rabiot
80%
Milieu Eduardo Camavinga
80%
Attaquant Bradley Barcola
79%
Attaquant Marcus Thuram
74%
Attaquant Kingsley Coman
72%
Défenseur Jonathan Clauss
64%
Milieu Youssouf Fofana
63%
Milieu Warren Zaïre-Emery
62%
Défenseur Ferland Mendy
58%
Aucun quiz correspondant
Distribution des résultats
% des personnes avec chaque résultat
Percentile par nombre de réponses
Votre historique - résultats
Vous n’avez pas pris ce quiz